Magyar néptánchagyományok

Bibliographic Details
Main Author: Martin, György (Adapter)
Format: Book
Language:Hungarian
PhysicalDescription:384 s., [2] s. not. príl. 24 cm
Published: Budapest Planétás c1995
ISBN:9637931694
Edition:2. kiad.
Subjects:

MARC

LEADER 00000nam a2200000 a 4500
001 vtls001292509
003 SK-MaSNL
005 20260301113552.0
008 251124s1997 hu agg yy 0 hun
020 |a 9637931694  |c [300,00] 
035 |a SNK000244228 
035 |a urn:nbn:sk:snk-amkgis 
035 |a urn:nbn:sk:snk-am008h7y 
035 |a B1E9CE53-1CE6-4C85-B2DD-896F753BF601 
040 |a SNK  |b slo  |c SNK  |e AACR2 
041 0 |a hun 
044 |a HU 
080 |a 793.31(439)  |2 1981 
245 0 0 |a Magyar néptánchagyományok  |c szerkesztette: Martin Győrgy 
250 |a 2. kiad. 
260 |a Budapest  |b Planétás  |c c1995 
300 |a 384 s., [2] s. not. príl.  |c 24 cm 
650 0 7 |a tance ľudové  |z Maďarsko  |x monografie  |2 SNK  |9 455884 
700 1 |a Martin, György  |4 adp  |9 455885 
919 |a 963-7931-69-4 
999 |c 714754  |d 716684 
952 |t P60, <03>, [BOOK], {603}  |a SNK  |b SNK  |y PREZ  |7 0  |p 17A0168107  |o snkSC 97171  |i snkV 1494/98  |0 0  |1 0  |4 0  |d 1998-11-13  |f 1  |l 0  |r 2025-09-16 00:00:00  |w 2026-02-23